| 000 | 00683nam a2200217 a 4500 | ||
|---|---|---|---|
| 001 | 000026783 | ||
| 003 | DO-SdBNP | ||
| 005 | 20210602115341.0 | ||
| 008 | 101006s2011 dr 000 0 spa d | ||
| 040 |
_aBPMSU _bspa _cBPMSU |
||
| 082 |
_a327.729307294 _bC352h 2011 _222 |
||
| 100 | 1 | _aCastillo, Peregrín | |
| 245 | 1 | 3 |
_aHaití y los intereses nacionales. / _cPeregrín Castillo. |
| 260 |
_aSanto Domingo : _bSantuario, _c2011. |
||
| 300 |
_a100 p. ; _c23 cm. |
||
| 500 | _aIncluye datos biográficos del autor en la solapa de la cubierta | ||
| 590 | _6Inventariado, 2021/VM | ||
| 651 | 4 |
_a República Dominicana _xRelaciones exteriores _zHaití |
|
| 910 | _aVmateo | ||
| 942 |
_2ddc _cBK |
||
| 999 |
_c13552 _d13552 |
||